|
|
|
|
| LEADER |
00942ncm a22002652a 4500 |
| 001 |
000968766 |
| 003 |
CZ BrMZK |
| 005 |
20110518151827.0 |
| 007 |
qu |
| 008 |
091001s1958 xr |||||||||||||||||cze d |
| 040 |
|
|
|a BOA001
|b cze
|
| 072 |
|
7 |
|a 788
|x Hudba pro dechové nástroje
|2 Konspekt
|9 9
|
| 100 |
1 |
|
|a Fuka, Vladimír,
|d 1920-1996
|7 xx0007262
|4 cmp
|
| 245 |
1 |
0 |
|a Dačická
|h [hudebnina] :
|c polka / Vladimír Fuka. Přespolní : valčík / Jiří Vinařický
|
| 250 |
|
|
|a 1. vyd. SNKLHU
|
| 260 |
|
|
|a Praha :
|b Státní nakladatelství krásné literatury, hudby a umění,
|c 1958
|
| 300 |
|
|
|a 24 hlasů
|
| 490 |
1 |
|
|a Dechová hudba ;
|v 251
|
| 700 |
1 |
|
|a Vinařický, Jiří,
|d 1918-1999
|7 ola200202627
|4 cmp
|
| 740 |
0 |
2 |
|a Přespolní
|
| 830 |
|
0 |
|a Dechová hudba (SNKLHU)
|
| 910 |
|
|
|a BOA001
|b Mus1-0398.830
|
| 990 |
|
|
|a MU
|
| 991 |
|
|
|b 200909
|
| 996 |
6 |
|
|b 2619441367
|c Mus1-0398.830
|l MZK
|r Sklad / do 1 hodiny
|n 0
|w 000968766
|u 000010
|a 1
|e BOA001
|j MZK50
|s P
|